000 00649nam a22001817a 4500
005 20251108172459.0
008 250721s9999 xx 000 0 ara d
082 1 4 _a910جبي
100 1 _aابن جبير، أبو الحسين محمد بن أحمد الكتاني الأندلسي
245 1 0 _aرحلة ابن جبير: في مصر و بلاد العرب و العراق و صقلية عصر الحروبالصليبية /
250 _aط2
264 1 _aالقاهرة :
_bمكتبة مصر،
300 _a480ص
650 1 7 _aالرحلات الجغرافية
650 1 7 _aأدب الرحلات
942 _2ddc
_cBK
999 _c80433
_d80433